000 00711nam a22001937a 4500
003 DO-SdBNP
005 20171201110248.0
008 171110b 1999 sp ||||| |||| 00| 0 spa d
020 _a8492067292
040 _aBPMSU
_bspa
_cBPMSU
092 _axxxx
_bxxxx
100 1 _aBermejo, Amalia
245 1 0 _aLa literatura infantil en España /
_cAmalia Bermejo.
260 _aBarcelona :
_b Asociación Española de Amigos del Libro Infantil y Juvenil,
_bMinisterio de Cultura, Centro del Libro y la Lectura, Organización Española para el Libro Infantil y Juvenil,
_c1999.
300 _a80 p.. :
_bil. ;
_c21 cm.
942 _2ddc
_cBK
945 _aInventariado 2017 / LP
956 _aLOPEREZ
_b10
_c20171110
999 _c12835
_d12835